| 000 | 00511nam a2200169 i 4500 | ||
|---|---|---|---|
| 001 | 96155 | ||
| 003 | ES-MaACL | ||
| 005 | 20230906181844.0 | ||
| 007 | t| | ||
| 008 | 050613s1972 sp ||||1| spa d | ||
| 100 | 1 |
_aMcCarthy, Mary. _979527 |
|
| 245 | 1 | 0 |
_aEscrito en la pared y otros ensayos literarios / _cMary Mc Carthy; traducción de Gabriel Ferrater. |
| 260 |
_aBarcelona : _bLumen, _c1972. |
||
| 300 |
_a248 p. ; _c19 cm. |
||
| 700 | 1 |
_aFerrater, Gabriel. _950337 |
|
| 852 |
_aES-MaACL _jC-42844 _bR.81128 |
||
| 999 |
_c96155 _d96155 |
||